Online
Catalog

Cómo nacemos / (Record no. 1981)

MARC details
000 -CABECERA
campo de control de longitud fija 00790cam a2200241 a 4500
001 - NÚMERO DE CONTROL
campo de control 000002129
005 - FECHA Y HORA DE LA ÚLTIMA TRANSACCIÓN
campo de control 20200929145837.0
008 - DATOS DE LONGITUD FIJA--INFORMACIÓN GENERAL
campo de control de longitud fija 770806s1968 sp a 000 0 spa
040 ## - FUENTE DE LA CATALOGACIÓN
Centro catalogador/agencia de origen DO-SdBNP
Lengua de catalogación spa
Centro/agencia transcriptor BNPHU
041 17 - CÓDIGO DE LENGUA
Código de lengua del texto/banda sonora o título independiente eng
Código de lengua original spa
082 ## - NÚMERO DE LA CLASIFICACIÓN DECIMAL DEWEY
Número de clasificación 612.6
Número de documento/Ítem S413c
100 1# - ENTRADA PRINCIPAL--NOMBRE DE PERSONA
Nombre de persona Schweinitz, Karl de,
Fechas asociadas al nombre 1887
9 (RLIN) 6824
240 10 - TÍTULO UNIFORME
Título uniforme Growing up.
Lenguaje de la obra Español
245 10 - MENCIÓN DE TÍTULO
Título Cómo nacemos /
Mención de responsabilidad, etc. Karl de Schweinitz ; prólogo, P. F. Raurell ; traducción, José M. Valverde.
260 ## - PUBLICACIÓN, DISTRIBUCIÓN, ETC.
Lugar de publicación, distribución, etc. Barcelona :
Nombre del editor, distribuidor, etc. Ariel,
Fecha de publicación, distribución, etc. 1968.
300 ## - DESCRIPCIÓN FÍSICA
Extensión 63 p. :
Otras características físicas il. ;
Dimensiones 22 cm.
534 ## - NOTA SOBRE LA VERSIÓN ORIGINAL
Frase introductoria Título original:
Mención de título del original Growing up
650 #4 - PUNTO DE ACCESO ADICIONAL DE MATERIA--TÉRMINO DE MATERIA
Término de materia o nombre geográfico como elemento de entrada Reproducción humana
9 (RLIN) 2377
650 #4 - PUNTO DE ACCESO ADICIONAL DE MATERIA--TÉRMINO DE MATERIA
Término de materia o nombre geográfico como elemento de entrada Reproducción
9 (RLIN) 6825
650 #4 - PUNTO DE ACCESO ADICIONAL DE MATERIA--TÉRMINO DE MATERIA
Término de materia o nombre geográfico como elemento de entrada Sexo en el matrimonio
9 (RLIN) 804
700 1# - PUNTO DE ACCESO ADICIONAL--NOMBRE DE PERSONA
Nombre de persona Raurell, P. F.,
Término indicativo de función/relación pról.
9 (RLIN) 6826
700 1# - PUNTO DE ACCESO ADICIONAL--NOMBRE DE PERSONA
Nombre de persona Valverde, José M.,
Término indicativo de función/relación tr.
9 (RLIN) 6827
Holdings
Estado de retiro Estado de pérdida Restricciones de uso No para préstamo Código de colección Localización permanente Ubicación/localización actual Ubicación en estantería Fecha de adquisición Número de inventario Total de préstamos Signatura topográfica completa Código de barras Fecha visto por última vez Precio válido a partir de Tipo de ítem Koha
    Préstamo interno   Monografías: Libros y Folletos General General Depósito 09.08.2009 LF1   612.6 S413c 2129-10 25.06.2020 25.06.2020 Préstamo interno

Powered by Koha